Guess the Mystery Song from the Lyrics #16 - Statistics

General Stats
  • This quiz has been taken 27 times
  • The average score is 199 of 401
Answer Stats
Lyrics % Correct
a
100%
B-
100%
I
100%
the
100%
you
100%
We
96%
we
96%
me
92%
in
88%
to
88%
To
88%
and
83%
And
83%
on
83%
your
83%
go
79%
He
79%
he
79%
it
79%
my
79%
could
63%
for
63%
It's
63%
of
63%
hear
58%
I'm
58%
or
58%
see
58%
all
54%
at
54%
am
50%
A.M.
50%
Got
50%
one
50%
Was
50%
was
50%
by
46%
from
46%
like
46%
up
46%
did
42%
ever
42%
some
42%
after
38%
as
38%
head
38%
his
38%
never
38%
night
38%
said
38%
tell
38%
than
38%
thing
38%
best
33%
give
33%
life
33%
look
33%
more
33%
take
33%
With
33%
with
33%
3
29%
'bout
29%
has
29%
I'd
29%
only
29%
been
25%
bottle
25%
something
25%
that's
25%
Well
25%
went
25%
yeah
25%
Yeah
25%
bar
21%
down
21%
help
21%
these
21%
around
17%
before
17%
done
17%
drink
17%
fear
17%
free
17%
friend
17%
mind
17%
trying
17%
call
13%
four
13%
hard
13%
less
13%
Maybe
13%
read
13%
stand
13%
There's
13%
through
13%
answer
8%
between
8%
black
8%
Closer
8%
doctor
8%
drank
8%
headache
8%
line
8%
looked
8%
mountains
8%
movie
8%
stopped
8%
white
8%
woke
8%
against
4%
blanket
4%
cloudy
4%
crooked
4%
darkness
4%
fine
4%
fountains
4%
grade
4%
higher
4%
insight
4%
knee
4%
lookout
4%
paper
4%
Pointing
4%
pointing
4%
questions
4%
seek
4%
seriously
4%
ship
4%
till
4%
Twice
4%
wrap
4%
years
4%
beard
0%
Bible
0%
board
0%
children
0%
clarity
0%
Closer to Fine - Indigo Girls
0%
crawling
0%
definitive
0%
graded
0%
hunger
0%
insatiable
0%
lightness
0%
marry
0%
performance
0%
philosophy
0%
possibly
0%
poster
0%
prostrate
0%
Rasputin
0%
revival
0%
safety
0%
sailed
0%
sank
0%
seeking
0%
shores
0%
solace
0%
source
0%
spent
0%
workout
0%
No matching quizzes found
Score Distribution
Percent of People with Each Score
Percentile by Number Answered
Your Score History
You have not taken this quiz